000 00263nam a22001097a 4500
082 _a425
_bBRI/S
100 _aBRIGHT. JAGAT
245 _aSELECTED SCHOOL ESSAYS
246 _aSELECTED SCHOOL ESSAYS
_bSELECTED SCHOOL ESSAYS
650 _aENGLISH GRAMMAR
942 _cBK
999 _c8866
_d8866